000 01131nam a22002415i 4500
001 48000
003 ES-MaACL
005 20230906161656.0
007 t|
008 950206s1887 sp ||||1| spa d
040 _aCAM
_bspa
_cCCPB | PA2
100 1 _aCreus y Manso, Juan.
_941578
245 1 0 _aNoticia acerca del agua mineral nitrogenada, ferruginosa y manganesífera del manantial de San José de La Aliseda (La Carolina, provincia de Jaén) /
_cpor el Dr. D. Juan Creus ; seguida del análisis de la misma agua practicado por el Doctor D. Manuel Sáenz-Díez.
260 _aMadrid :
_b[s.n.],
_c1887 (
_fEst. tip. Sucesores de Rivadeneyra)
300 _a39 p. ;
_c22 cm.
530 _aDisponible también en sitio web.
650 4 _aAguas minerales-
_zLa Aliseda.
_9151982
700 1 _aSáenz Díez, Manuel.
_9101327
852 _aES-MaACL
_jT-855-F-8
_z.- Enc. en un vol. facticio conservando la enc. original
852 _aES-MaACL
_jT-470-F-1
852 _aES-MaACL
_jT-454-F-19
856 _uhttp://bibliotecadigitalhispanica.bne.es:80/webclient/DeliveryManager?pid=1832223&custom_att_2=simple_viewer
_zIr a la página
999 _c48000
_d48000